Financial management in the public sector (Record no. 18906)
[ view plain ]
| 000 -LEADER | |
|---|---|
| fixed length control field | 00493nam a22001817a 4500 |
| 008 - FIXED-LENGTH DATA ELEMENTS--GENERAL INFORMATION | |
| fixed length control field | 210426b xxu||||| |||| 00| 0 eng d |
| 020 ## - INTERNATIONAL STANDARD BOOK NUMBER | |
| International Standard Book Number | 0765636898 |
| 050 ## - LIBRARY OF CONGRESS CALL NUMBER | |
| Classification number | HJ141 |
| Item number | .W36 2014 c.1 |
| 100 ## - MAIN ENTRY--PERSONAL NAME | |
| Personal name | Wang, Xiaohu |
| 245 ## - TITLE STATEMENT | |
| Title | Financial management in the public sector |
| Remainder of title | tools, applications, and cases |
| 250 ## - EDITION STATEMENT | |
| Edition statement | 3rd ed. |
| 260 ## - PUBLICATION, DISTRIBUTION, ETC. (IMPRINT) | |
| Place of publication, distribution, etc. | New York |
| Name of publisher, distributor, etc. | Routledge |
| Date of publication, distribution, etc. | 2014 |
| 300 ## - PHYSICAL DESCRIPTION | |
| Extent | xviii, 255p. |
| 650 ## - SUBJECT ADDED ENTRY--TOPICAL TERM | |
| Topical term or geographic name as entry element | Finance |
| Form subdivision | public |
| 650 ## - SUBJECT ADDED ENTRY--TOPICAL TERM | |
| Topical term or geographic name as entry element | Accounting |
| 650 ## - SUBJECT ADDED ENTRY--TOPICAL TERM | |
| Topical term or geographic name as entry element | Budget |
| 942 ## - ADDED ENTRY ELEMENTS (KOHA) | |
| Source of classification or shelving scheme | Library of Congress Classification |
| Koha item type | General Collection |
| Withdrawn status | Lost status | Source of classification or shelving scheme | Not for loan | Home library | Current library | Date acquired | Cost, normal purchase price | Total Checkouts | Full call number | Barcode | Date last seen | Date last checked out | Price effective from | Koha item type | Total Renewals |
|---|---|---|---|---|---|---|---|---|---|---|---|---|---|---|---|
| Library of Congress Classification | Kabarak, Main Campus | Kabarak, Main Campus | 26/04/2021 | 4472.00 | 1 | HJ141 .W36 2014 c.1 | 032980 | 06/08/2021 | 30/07/2021 | 26/04/2021 | General Collection | ||||
| Library of Congress Classification | Kabarak, Main Campus | Kabarak, Main Campus | 26/04/2021 | 4472.00 | 2 | HJ141 .W36 2014 c.2 | 032981 | 12/04/2022 | 12/04/2022 | 26/04/2021 | General Collection | 1 | |||
| Library of Congress Classification | Kabarak, Nakuru City Campus | Kabarak, Main Campus | 26/04/2021 | 4472.00 | 1 | HJ141 .W36 2014 c.1 | 032982 | 14/06/2025 | 17/05/2025 | 26/04/2021 | General Collection |